Dexter Trivia #1 - Statistics

General Stats
  • This quiz has been taken 112 times
  • The average score is 8 of 20
Answer Stats
Hint Answer % Correct
How many people do Dexter and Miguel kill together? 1
91%
Who is the Trinity Killer? Arthur Mitchell
89%
Who kills Maria LaGuerta? Debra Morgan
81%
What fake name does Brian Moser use? Rudy Cooper
69%
What is the first rule of the code? Don't get caught
56%
What country is Angel Batista from? Cuba
54%
How many episodes in the Original series? 96
48%
Who is the leader of the Barrel Girl Gang? Jordan Chase
44%
Who does Quinn hire to tail Dexter in season 5? Stan Liddy
44%
Who helped Harry Morgan create the code? Evelyn Vogel
41%
Who hosts the Serial Killer dinners? Leon Prater
39%
Which actors plays Travis Marshall? Colin Hanks
33%
Where are Astor and Cody at the end of season 4? Disneyland
33%
What alias does Dexter use to source M-99? Patrick Bateman
32%
Dexter describes himself as what animal? Lion
25%
Who is Dexter's first on screen kill? Mike Donovan
20%
Who is Dexter's biological father? Joe Driscoll
19%
Who did Deb date briefly in season 7? Sal Price
15%
In what episode does Rita's funeral take place? My Bad
4%
Internal Affairs sends who to investigate Quinn? Yuki Amado
4%
No matching quizzes found
Score Distribution
Percent of People with Each Score
Percentile by Number Answered
Your Score History
You have not taken this quiz